Loading...
| Science - Chemistry | 2 | 6 | 0 | 0 | 90 | 41 | 77.88 | 6 | 8 | 0.00 | 0.00 |
| Science - Physics | 1 | 7 | 0 | 2 | 85 | 58 | 101.00 | 1 | 7 | 0.00 | 0.00 |
| Science - Other | 2 | 5 | 0 | 0 | 80 | 41 | 86.57 | 4 | 7 | 0.00 | 0.00 |
| Science - Biology | 0 | 3 | 1 | 0 | 25 | 80 | 97.67 | 0 | 2 | 0.00 | 0.00 |
| Social Science | 0 | 2 | 0 | 2 | 20 | 131 | 135.00 | 0 | 2 | 0.00 | 0.00 |
| Philosophy | 0 | 2 | 0 | 0 | 20 | 110 | 110.50 | 0 | 2 | 0.00 | 0.00 |
| Mythology | 0 | 1 | 0 | 0 | 10 | 98 | 98.00 | 0 | 1 | 0.00 | 0.00 |
| History - European | 0 | 1 | 0 | 0 | 10 | 122 | 122.00 | 0 | 1 | 0.00 | 0.00 |
| History - American | 0 | 1 | 0 | 1 | 10 | 140 | 140.00 | 0 | 0 | 0.00 | 0.00 |